000 00514nam a22001817a 4500
999 _c5878
_d5878
003 GBCCL
005 20241126110551.0
008 180412b ||||| |||| 00| 0 eng d
040 _cgbc
082 _a266
_bNIS
100 _aNishikawa, Sue Saito
_910634
245 _aIn Aloha land /
_cSue Saito Nishikawa
260 _aGeorgia:
_bHMB,Southern Baptist Convention,
_c1968
300 _a86 p.;
_c22 cm.
650 _aSouthern Baptist Convention
_vMission
_910635
650 _aMission
_zHawaii
_910636
942 _2ddc
_cBK